Rozvojová spolupráca Európskej únie a jej členských štátov s Afrikou

Postavenie afrických štátov medzi prijímateľmi rozvojovej pomoci poskytovanej zo strany inštitúcií Európskej únie a jej členskými štátmi. Postavenie Afriky v rámci rozvojovej spolupráce Európskej únie a jej členských štátov. Výsledky v jednotlivých štátoch sú rôzne, kým Grécko poskytuje menej ako 1...

Ausführliche Beschreibung

Gespeichert in:
Bibliographische Detailangaben
1. Verfasser: Zagoršeková, Natália, 1991-
Format: Buchkapitel
Sprache:Slowakisch
Schlagworte:
Tags: Tag hinzufügen
Keine Tags, Fügen Sie das erste Tag hinzu!

MARC

LEADER 00000naa$a2200000$$$4500
001 0271598
005 20240502074300.4
041 0 |a slo 
044 |a SK 
245 1 0 |a Rozvojová spolupráca Európskej únie a jej členských štátov s Afrikou  |c Natália Zagoršeková 
520 |a Postavenie afrických štátov medzi prijímateľmi rozvojovej pomoci poskytovanej zo strany inštitúcií Európskej únie a jej členskými štátmi. Postavenie Afriky v rámci rozvojovej spolupráce Európskej únie a jej členských štátov. Výsledky v jednotlivých štátoch sú rôzne, kým Grécko poskytuje menej ako 1 % svojej rozvojovej pomoci Afrike, podiel Afriky na rozvojovej pomoci Írska a Portugalska je viac ako polovica. 
610 2 0 |a Afrika 
610 2 0 |a pomoc rozvojová 
610 2 0 |a spolupráca medzinárodná 
610 2 0 |a Európska únia 
100 1 |a Zagoršeková, Natália, 1991-